| 000 | 01620cam a22004215a 4500 | ||
|---|---|---|---|
| 001 | 13363701 | ||
| 003 | Nust | ||
| 005 | 20220830104112.0 | ||
| 008 | 031006r20031841enka b 000 1 eng | ||
| 010 | _a 2003274743 | ||
| 020 | _a9781853267390 | ||
| 040 |
_aDLC _cDLC _dDLC |
||
| 043 | _ae-uk-en | ||
| 050 | 0 | 0 |
_aPR4555.A2 _bH87 2003 |
| 082 | 0 | 0 |
_a823 _bDIC |
| 100 | 1 |
_aDickens, Charles, _d1812-1870. _912180 |
|
| 245 | 1 | 0 |
_aBarnaby Rudge : _cCharles Dickens |
| 260 |
_aOxford ; _aNew York : _bOxford University Press, _c1998. |
||
| 300 |
_axlvii, 648 p. : _bill. ; _c20 cm. |
||
| 490 | 1 | _aOxford world's classics | |
| 500 | _aBased on the 1841 ed. | ||
| 500 | _aIllustrations by George Cattermole and Hablot K. Browne. | ||
| 504 | _aIncludes bibliographical references (p. [xxx]-xxxiv). | ||
| 650 | 0 | 0 |
_aGordon Riots, 1780 _vFiction. _998595 |
| 650 | 0 |
_aApprentices _vFiction. _998596 |
|
| 650 | 0 |
_aLocksmiths _vFiction. _998597 |
|
| 651 | 0 |
_aLondon (England) _xHistory _y18th century _vFiction. _998598 |
|
| 655 | 7 |
_aHistorical fiction. _2gsafd |
|
| 655 | 7 |
_aPolitical fiction. _2lcsh |
|
| 655 | 7 |
_aMystery fiction. _2gsafd |
|
| 700 | 1 |
_aBrowne, Hablot Knight, _d1815-1882. _912199 |
|
| 830 | 0 |
_aOxford world's classics (Oxford University Press) _911781 |
|
| 856 | 4 | 2 |
_3Publisher description _uhttp://www.loc.gov/catdir/enhancements/fy0615/2003274743-d.html |
| 856 | 4 | 2 |
_3Contributor biographical information _uhttp://www.loc.gov/catdir/enhancements/fy0725/2003274743-b.html |
| 906 |
_a7 _bcbc _corigcop _d2 _encip _f20 _gy-gencatlg |
||
| 942 |
_2ddc _cBK |
||
| 999 |
_c174583 _d174583 |
||